Library of the University of Algiers 3
Ibrahim Sultan Cheibout
شعار جامعة الجزائر 3
مكتبة جامعة الجزائر 3
إبراهيم سلطان شيبوط

بحوث العمليات وتطبيقاتها في إدارة الأعمال / (رقم التسجيلة. 45643)

تفاصيل مارك
000 -LEADER
fixed length control field 01119nam a2200229Ia 4500
003 - CONTROL NUMBER IDENTIFIER
control field Ost
005 - DATE AND TIME OF LATEST TRANSACTION
control field 20260507075653.0
008 - FIXED-LENGTH DATA ELEMENTS--GENERAL INFORMATION
fixed length control field 260507s9999||||xx |||||||||||||| ||und||
040 ## - CATALOGING SOURCE
Transcribing agency fsecg
041 ## - LANGUAGE CODE
Language code of text/sound track or separate title ara
082 ## - DEWEY DECIMAL CLASSIFICATION NUMBER
Classification number 658.4034
100 ## - MAIN ENTRY--PERSONAL NAME
Personal name العبيدي، محمود
Relator term مؤلف
245 #0 - TITLE STATEMENT
Title بحوث العمليات وتطبيقاتها في إدارة الأعمال /
Statement of responsibility, etc. محمود العبيدي
260 ## - PUBLICATION, DISTRIBUTION, ETC.
Place of publication, distribution, etc. عمان:
Name of publisher, distributor, etc. الوراق للنشر والتوزيع,
Date of publication, distribution, etc. 2004
300 ## - PHYSICAL DESCRIPTION
Extent 505 صفحة؛
Other physical details إيضاحات ؛
Dimensions 25 سم
504 ## - BIBLIOGRAPHY, ETC. NOTE
Bibliography, etc. note المراجع ص.500
520 ## - SUMMARY, ETC.
Summary, etc. مفاهيم عامة في إدارة الأعمال وبحوث العمليات- البرمجة الخطية- البرمجة بإعداد صحيحة- نماذج النقل- شبكات العمل- نظرية الالعاب- تحليل القرار- خطوط الإنتظار- السيطرة على الخزين.
653 ## - INDEX TERM--UNCONTROLLED
Uncontrolled term البرمجة الخطية
653 ## - INDEX TERM--UNCONTROLLED
Uncontrolled term بحوث العمليات- إدارة الأعمال
700 ## - ADDED ENTRY--PERSONAL NAME
Personal name الفضل، مؤيد عبد الحسين
Relator term مؤلف ثانوي
942 ## - ADDED ENTRY ELEMENTS (KOHA)
Koha item type كتب

لا توجد مواد متاحة.

موارد الويب المفتوحة


© University of Algiers 3 All Rights Reserved
|
Implemented by LECHELAH Riad